| 000 | 01387nam a22002057a 4500 | ||
|---|---|---|---|
| 005 | 20251125233041.0 | ||
| 008 | s2551 th tha d | ||
| 040 | _aNALT | ||
| 041 | _atha | ||
| 090 |
_aKR 113 _bท592ค 2551 |
||
| 110 | 2 |
_926803 _aกระทรวงเทคโนโลยีสารสนเทศและการสื่อสาร |
|
| 245 | 1 | 0 |
_aคู่มือการปฏิบัติและแนวทางการป้องกันเพื่อหลีกเลี่ยงการกระทำความผิดเกี่ยวกับคอมพิวเตอร์ / _cกระทรวงเทคโนโลยีสารสนเทศและการสื่อสาร. |
| 260 |
_aกรุงเทพฯ : _bกระทรวงเทคโนโลยีสารสนเทศและการสื่อสาร, _c2551 |
||
| 300 |
_a123 หน้า : _bภาพประกอบ, ตาราง ; _c21 ซม. |
||
| 650 | 0 |
_aคอมพิวเตอร์ _xกฎหมายและระเบียบข้อบังคับ _946360 |
|
| 850 | _aNALT | ||
| 856 | 4 | 0 | _uhttps://hdl.handle.net/20.500.14156/301265 |
| 942 |
_cLB _2local |
||
| 998 |
_j1020 _k จำเรียง ระวังสำโรง |
||
| 999 |
_c57869 _d57869 |
||